000 00541nam a2200217Ia 4500
003 OSt
005 20220924134010.0
006 a|||||r|||| 00| 0
007 ta
008 220923b |||||||| |||| 00| 0 snd d
024 _a271588
037 _cTextual
040 _aARTS
_cARTS
_bsnd
041 _2snd
_asnd
082 _aO111,3M03,PM, 1593J2
100 _aGadwani
_9207844
245 0 _aPyae me pat khadu
260 _c1952
942 _hO111,3M03,PM, 1593J2
_cTEXL
_2CC
999 _c436024
_d436024